000 00520nam a22001817a 4500
999 _c180624
_d180624
005 20210812153306.0
010 _aB-741099
020 _a9789354270154
_c149.00
035 _aB-741099
037 _bGift
082 _a881
100 _aGautam, Harshit
245 _aEverything I could see /
_cby Harshit Gautam
260 _bBluerose Publishers
_c2020
300 _a71p.
_c20cm(pbk)
942 _2ddc
_cCH
_h881
_mGAU